000 00906nam a2200217Ia 4500
003 OSt
005 20251218114440.0
008 RAJ
037 _cTB
040 _aARTS
_cARTS
_bRAJ
041 _2RAJ
_aRAJ
084 _aO1528,1J49,DM:g 152L0
_qAL
100 _aशर्मा, भगवती लाल
_9857736
245 0 _aढोला मारू रा दूहा में काव्य - सौष्ठव, संस्कृति एवं इतिहास
246 _aḌholā mārū rā dūhā mean kāvya - sauṣhṭhava, sanskṛuti evan itihāsa
260 _aअजमेर :
_b अर्चना प्रकाशन ,
_c1970.
300 _a402पृ0
_ccm.
650 _aराजस्थानी साहित्य
_9857737
942 _hO1528,1J49,DM:g 152L0
_cTB
_2CC
_n0
999 _c349819
_d349819